LEADER 05424nam 2200637 a 450 001 9910461841303321 005 20200520144314.0 010 $a1-283-42443-6 010 $a9786613424433 010 $a90-272-7727-3 035 $a(CKB)2670000000139649 035 $a(EBL)829547 035 $a(OCoLC)769344140 035 $a(SSID)ssj0000593575 035 $a(PQKBManifestationID)11364816 035 $a(PQKBTitleCode)TC0000593575 035 $a(PQKBWorkID)10741393 035 $a(PQKB)11249218 035 $a(MiAaPQ)EBC829547 035 $a(Au-PeEL)EBL829547 035 $a(CaPaEBR)ebr10524121 035 $a(EXLCZ)992670000000139649 100 $a19921207d1993 uy 0 101 0 $aeng 135 $aur|n|---||||| 181 $ctxt 182 $cc 183 $acr 200 10$aSubjectivity in grammar and discourse$b[electronic resource] $etheoretical considerations and a case study of Japanese spoken discourse /$fShoichi Iwasaki 210 $aAmsterdam ;$aPhiladelphia $cJohn Benjamins Pub. Co.$d1993 215 $a1 online resource (163 p.) 225 1 $aStudies in discourse and grammar ;$vv. 2 300 $aBased on the author's 1988 UCLA dissertation. 311 $a1-55619-368-8 311 $a90-272-2612-1 320 $aIncludes bibliographical references (p. [101]-106) and index. 327 $aSUBJECTIVITY IN GRAMMAR AND DISCOURSE; Editorial page; Title page; Copyright page; Dedication; PREFACE; LIST OF ABBREVIATIONS; Table of contents; INTRODUCTION; Chapter 1. Speaker and Subjective Phenomena; 1. Absence of the speaker; 2. Existence of the speaker; 2.1. Speaker as the center of deictic elements; 2.1.1. COME; 2.12. GIVE; 2.2. Speaker as the center of evaluation and attitude; 2.2.1. The lexical outlet; 2.2.2. The morphosyntactic outlet; 2.3. Speaker as the center of epistemological perspective; 2.3.1. Expressions of intention; 2.3.2. Mental processes 327 $a2.3.3. Sensation, emotion and desire2.4. Summary; Chapter 2. Speaker Epistemological Perspective; 1. Three types of perspective; 2. Perspective principle; 3. Information accessibility; 4. Information accessibility and transitivity; 5. Information accessibility hypothesis; 5.1. Inner process verb omou 'think'; 5.2. Internal state adjectives; 5.3. Transitive verb naguru 'hit (a person)'; 6. Conclusion; Chapter 3. Speaker Perspective and Tense Form Variation; 1. The ""puzzling"" uses of tense forms; 2. Tense form variation in narrative; 2.1. The canonical pattern; 2.2. Deviant cases 327 $a2.2.1. The 1S/NONPAST association2.2.2. The 3S/?AST association: Speaker's sudden realization; 2.2.3. The IAS/PAST association: Speaker's evaluation; 2.3. Summary; 3. Tense form variation in English and Japanese narratives; 3.1. The HP in English and tense form variation in Japanese; 3.2. The vividness effect and tense forms; 4. Tense forms and the structure of a clause; 5. Conclusion; Chapter 4. Speaker Perspective and Switch Reference; 1. Clause chaining in Japanese; 1.1. Morphological outline; 1.2. Functions of clause chaining forms; 2. The switch reference system in Japanese 327 $a2.1. The canonical pattern2.2. Switch of information accessibility; 2.2.1. TARA across 1S clauses; 2.2.2. TARA between IS and IAS clauses; 2.2.3. D irection of perspective shift; 2.2.4. Inanimate subjects; 3. Conclusion; Chapter 5. Speaker Perspective and Language Universals; 1. Perspective Distinction; 2. Perspective phenomena in other languages; 2.1. Perspective split; 2.1.1. Perspective split for semantic interpretation; 2.1.2. Case marking (Split ergativity; 2.1.3. Predicate morphology; 2.2. Levels of information accessibility within S-perspective 327 $a2.3. Perspective and transitivity in other languages3. Concluding remarks; NOTES; Chapater 1: Speaker and Subjective Phenomena; Chapter 2: Speaker Epistemological Perspective; Chapter 3: Speaker Perspective and Tense Form Variation; Chapter 4: Speaker Perspective and Switch Reference; Chapter 5: Speaker Perspective and Language Universa1s; REFERENCES; Appendix A: Data Transcription Conventions; 1. Vowels and consonants; 2. Intonation; 3. Symbols for paralinguistic and interactional features; 4. An example; 4.1. Original Transcript; 4.2. Modified Transcript 327 $a5. Clause, intonation unit and data presentation 330 $aThis book investigates the notion of subjectivity from a pragmatic point of view. There have been attempts to reduce the notion of the speaker or subjectivity as a syntactic category, or to seek an explanation for it in semantic terms. However, in order to understand the vast range of subjectivity phenomena, it is more fruitful to examine how the attributes and the experience of the real speaker affect language. The volume provides a theoretical/methodological basis for the study of various aspects of language and discourse and applies these specifically to Japanese spoken discourse, for which 410 0$aStudies in discourse and grammar ;$vv. 2. 606 $aJapanese language$xDiscourse analysis 608 $aElectronic books. 615 0$aJapanese language$xDiscourse analysis. 676 $a495.6/0141 700 $aIwasaki$b Sho?ichi$0893789 801 0$bMiAaPQ 801 1$bMiAaPQ 801 2$bMiAaPQ 906 $aBOOK 912 $a9910461841303321 996 $aSubjectivity in grammar and discourse$92149640 997 $aUNINA LEADER 03126nam 22006372 450 001 9910778112103321 005 20151005020624.0 010 $a1-107-18318-9 010 $a1-281-08500-6 010 $a9786611085001 010 $a1-139-13315-2 010 $a0-511-34189-X 010 $a0-511-49554-4 010 $a0-511-34135-0 010 $a0-511-34077-X 010 $a0-511-34242-X 035 $a(CKB)1000000000478586 035 $a(EBL)326025 035 $a(OCoLC)476123899 035 $a(SSID)ssj0000207228 035 $a(PQKBManifestationID)11183677 035 $a(PQKBTitleCode)TC0000207228 035 $a(PQKBWorkID)10228753 035 $a(PQKB)11122044 035 $a(UkCbUP)CR9780511495540 035 $a(MiAaPQ)EBC326025 035 $a(Au-PeEL)EBL326025 035 $a(CaPaEBR)ebr10202725 035 $a(CaONFJC)MIL108500 035 $a(EXLCZ)991000000000478586 100 $a20090306d2007|||| uy| 0 101 0 $aeng 135 $aur||||||||||| 181 $ctxt$2rdacontent 182 $cc$2rdamedia 183 $acr$2rdacarrier 200 10$aMuslim legal thought in modern Indonesia /$fR. Michael Feener$b[electronic resource] 210 1$aCambridge :$cCambridge University Press,$d2007. 215 $a1 online resource (xx, 270 pages) $cdigital, PDF file(s) 300 $aTitle from publisher's bibliographic system (viewed on 05 Oct 2015). 311 $a0-521-18805-9 311 $a0-521-87775-X 320 $aIncludes bibliographical references (p. 228-266) and index. 327 $aTechnology, training and cultural transformation -- The open gate of ijtiha?d -- An "Indonesian madhhab" -- Shari?'a Islam in a Pancasila nation -- New Muslim intellectuals and the "re-actualization" of Islam -- The new ulama? -- Next generation fiqh? 330 $aIndonesia has been home to some of the most vibrant and complex developments in modern Islamic thought anywhere in the world. Nevertheless little is known or understood about these developments outside South East Asia. By considering the work of the leading Indonesian thinkers of the twentieth century, Michael Feener, an intellectual authority in the area, offers a cogent critique of this diverse and extensive literature and sheds light on the contemporary debates and the dynamics of Islamic reform. The book highlights the openness to, and creative manipulation of, diverse strands of international thought that have come to define Islamic intellectualism in modern Indonesia. This is an accessible and interpretive overview of the religious and social thought of the world's largest Muslim majority nation. As such it will be read by scholars of Islamic law and society, South East Asian studies and comparative law and jurisprudence. 606 $aIslamic law$zIndonesia 607 $aIndonesia$xIntellectual life 615 0$aIslamic law 676 $a340.5909598 700 $aFeener$b R. Michael$01116369 801 0$bUkCbUP 801 1$bUkCbUP 906 $aBOOK 912 $a9910778112103321 996 $aMuslim legal thought in modern Indonesia$93806361 997 $aUNINA